02428nam a22002297a 450000500170000000800410001702000180005804000070007604100120008308200200009510000300011524500710014526000650021630000330028136500550031452013700036952103770173965000210211665000180213770000210215570000220217620230720101944.0230719b ||||| |||| 00| 0 eng d a9789355325426 cAL aEnglish 223a351.3bSING aSurender Singh and others aGeneral Studies For Civil Services Preliminary Examination Paper I aChennaibMcGraw Hill Education (India) Private Limitedc2024 axix,1079 p.bPBc26.5x20 cm. a2916b₹1400.00c₹d₹1750.00e20%f18-07-2023 aQualitatively restructured content in precise and crisp form, updated facts and data along with questions based on structured analysis from static to dynamic linking concepts and emerging trends on these aspects, presenting MHE’s most celebrated title General Studies Paper I, meant primarily for Civil services preliminary and various state services examinations. It is a compilation study material with new paradigm approach on the syllabus prescribed by the UPSC for the Preliminary Examination. This edition again has undergone immense structural changes in terms both content and questions, making the content more precise and examination centric by weeding out redundant information. The current edition is a one stop solution for the aspirants to begin preparation for the Civil Services Examination and useful for State Public Service Commission Examination. Key Features • Comprehensive coverage of the syllabus of UPSC other State Civil Services examinations, accuracy of content and information with abundance of modular practice sessions. • Revised content in almost all the sections for comprehensive coverage of each topic of syllabus. • New updated content creation on Economics and Social Development, Current Affairs, GK, Geography sections. • 2023 UPSC Prelim Solved Paper and 2 Mock Test papers with detailed explanation.  aTABLE OF CONTENTS: A. History of India B. Indian National Movement C. Indian & World Geography D. Indian Polity and Governance E. Economic and Social Development F. Environmental Ecology, Biodiversity and Climate Change G. General Science and Science & Technology H. General Knowledge I. Current Affairs J. Mock Test Papers K. 2022 Civil Services Preliminary Solved Paper aCompetitive Exam aCivil Service aSINGH (Surender) aPARMAR (Virinder)